England International Footballers by Initials - Statistics

General Stats
  • This quiz has been taken 70 times
    43 since last reset
  • The average score is 133 of 452
Answer Stats
% Correct
Darren Bent
78%
David Batty
78%
David Beckham
78%
David Bentley
78%
Dicky Bond
78%
Harry Kane
74%
Alan Shearer
67%
Alan Smith
67%
Albemarle Swepstone
67%
Alfred Strange
67%
Alf Shelton
67%
Andy Sinton
67%
Billy Moon
67%
Billy Mosforth
67%
Bobby Moore
67%
Ben Chilwell
63%
Bobby Charlton
63%
Bob Crompton
63%
Gary Lineker
63%
Wayne Rooney
63%
Allan Clarke
59%
Andy Carroll
59%
Andy Cole
59%
Arthur Cursham
59%
Ashley Cole
59%
Austen Campbell
59%
Francis Lee
59%
Frank Lampard
59%
Jack Charlton
59%
Jack Crayston
59%
Jamie Carragher
59%
Jimmy Crabtree
59%
Joe Cole
59%
Joe Corrigan
59%
John Connelly
59%
Paul Scholes
59%
Peter Shilton
59%
Peter Storey
59%
Peter Swan
59%
Jack Barker
56%
Jack Brown
56%
Jack Butland
56%
Jack Hill
56%
Jack Hunter
56%
Jackie Bray
56%
Jeff Hall
56%
Joe Bache
56%
Joe Baker
56%
Joe Bradford
56%
Joe Hart
56%
Joe Hulme
56%
John Barnes
56%
Johnny Byrne
56%
Johnny Haynes
56%
Johnny Holt
56%
Jordan Henderson
56%
Jude Bellingham
56%
Michael Owen
56%
Steven Gerrard
56%
Gary Neville
52%
Jesse Pennington
48%
Jordan Pickford
48%
Raheem Sterling
48%
Rio Ferdinand
48%
Robbie Fowler
48%
Ron Flowers
48%
Ron Springett
48%
Ron Staniforth
48%
Stanley Matthews
48%
Stan Mortensen
48%
Steve McMahon
48%
Steve McManaman
48%
Stuart Macrae
48%
Daniel Sturridge
44%
David Seaman
44%
Des Walker
44%
Geoff Hurst
44%
George Hardwick
44%
George Hilsdon
44%
George Holley
44%
Gerry Hitchens
44%
Glenn Hoddle
44%
Gordon Hill
44%
Jack Grealish
44%
Jimmy Greaves
44%
Joe Gomez
44%
John Goodall
44%
John Gregory
44%
John Terry
44%
Alf Ramsey
41%
Bill Eckersley
41%
Bobby Robson
41%
Bryan Robson
41%
David Jack
41%
David James
41%
David Johnson
41%
Eddie Hapgood
41%
Eddie Hopkinson
41%
Emile Heskey
41%
Emlyn Hughes
41%
Eric Houghton
41%
Ernie Hart
41%
Ernie Hine
41%
Ken Willingham
41%
Kyle Walker
41%
Marcus Rashford
41%
Micah Richards
41%
Paul Gascoigne
41%
Russell Osman
41%
Sam Chedgzoy
41%
Sammy Crooks
41%
Sol Campbell
41%
Stan Cullis
41%
Steve Coppell
41%
Tammy Abraham
41%
Tony Adams
41%
David Platt
37%
Gareth Barry
37%
George Brown
37%
Gordon Banks
37%
Jackie Sewell
37%
Jadon Sancho
37%
Jermain Defoe
37%
Jimmy Dickinson
37%
Jimmy Seddon
37%
Jimmy Settle
37%
Jock Simpson
37%
John Stones
37%
Jonjo Shelvey
37%
Malcolm Macdonald
37%
Mason Mount
37%
Mick McNeil
37%
Mick Mills
37%
Percy Barton
37%
Peter Barnes
37%
Peter Beardsley
37%
Peter Bonetti
37%
Peter Broadbent
37%
Phil Foden
37%
Phil Neal
37%
Phil Neville
37%
Scott Parker
37%
Stan Pearson
37%
Stuart Pearce
37%
Stuart Pearson
37%
Teddy Sheringham
37%
Trevor Sinclair
37%
Trevor Steven
37%
Alan Ball
33%
Arthur Bridgett
33%
Ben Warren
33%
Bert Sproston
33%
Bert Williams
33%
Bill Slater
33%
Billy Bassett
33%
Billy Walker
33%
Billy Wedlock
33%
Billy Williams
33%
Billy Wright
33%
Bobby Smith
33%
Bukayo Saka
33%
Carlton Cole
33%
Conor Coady
33%
Danny Welbeck
33%
Dave Watson
33%
David Watson
33%
Dennis Wilshaw
33%
Dennis Wise
33%
Gareth Southgate
33%
Gary Stevens
33%
G.O. Smith
33%
Ian Wright
33%
Jackie Milburn
33%
James Milner
33%
Jimmy Mullen
33%
Maurice Norman
33%
Aaron Lennon
30%
Adam Lallana
30%
Bryan Douglas
30%
Charles Bambridge
30%
Charlie Buchan
30%
Cliff Bastin
30%
Cliff Britton
30%
Colin Bell
30%
Danny Rose
30%
David Rocastle
30%
Declan Rice
30%
Dixie Dean
30%
Don Revie
30%
Duncan Edwards
30%
Gary Cahill
30%
George Camsell
30%
George Cohen
30%
Gordon Cowans
30%
Harry Maguire
30%
Jamie Vardy
30%
Martin Keown
30%
Michael Keane
30%
Mike Duxbury
30%
Nobby Stiles
30%
Peter Crouch
30%
Sammy Lee
30%
Steve Bloomer
30%
Steve Bull
30%
Steve Stone
30%
Alan Devonshire
26%
Alf Young
26%
Andros Townsend
26%
Andy Ducat
26%
Andy Hinchcliffe
26%
Ashley Young
26%
Bobby Langton
26%
Bob Latchford
26%
Brian Labone
26%
Danny Mills
26%
Danny Murphy
26%
Darren Anderton
26%
Dele Alli
26%
Eric Dier
26%
Frank Forman
26%
Fraser Forster
26%
Geoff Thomas
26%
George Green
26%
Harry Hibbs
26%
Jake Livermore
26%
Jesse Lingard
26%
Joe Lofthouse
26%
Joleon Lescott
26%
Kevin Keegan
26%
Leighton Baines
26%
Luther Blissett
26%
Mark Chamberlain
26%
Martin Chivers
26%
Martin Peters
26%
Michael Carrick
26%
Mick Channon
26%
Mike Summerbee
26%
Ray Bowden
26%
Roger Byrne
26%
Ross Barkley
26%
Roy Bentley
26%
Ryan Bertrand
26%
Sam Hardy
26%
Stanley Harris
26%
Steve Hodge
26%
Terry Fenwick
26%
Terry McDermott
26%
Tim Flowers
26%
Tom Finney
26%
Tony Morley
26%
Trevor Francis
26%
Tyrone Mings
26%
Alan Mullery
22%
Alvin Martin
22%
Arthur Grimsdell
22%
Bobby Thomson
22%
Bob Holmes
22%
Bob Kelly
22%
Brian Talbot
22%
Charlie Athersmith
22%
Colin Grainger
22%
Colin McDonald
22%
Conor Gallagher
22%
Dave Thomas
22%
Dennis Hodgetts
22%
Dennis Tueart
22%
Don Howe
22%
Eddie Baily
22%
Edgar Chadwick
22%
Eric Brook
22%
Ernie Blenkinsop
22%
George Eastham
22%
Graham Rix
22%
Graham Roberts
22%
Jack Froggatt
22%
Jack Reynolds
22%
Jack Robinson
22%
Jack Rowley
22%
Jamie Redknapp
22%
Jermaine Jenas
22%
Jimmy Armfield
22%
Jimmy Forrest
22%
Jimmy Ruffell
22%
Jock Rutherford
22%
Joe Royle
22%
John Aston
22%
John Atyeo
22%
Paul Ince
22%
Raich Carter
22%
Ray Clemence
22%
Ronnie Clayton
22%
Sam Wadsworth
22%
Steve Whitworth
22%
Steve Williams
22%
Terry Butcher
22%
Terry Cooper
22%
Tom Cleverley
22%
Tom Cooper
22%
Tommy Banks
22%
Tommy Crawshaw
22%
Tony Cottee
22%
Tony Currie
22%
Trevor Brooking
22%
Adam Johnson
19%
Andrew Johnson
19%
Arthur Walters
19%
Brian Greenhoff
19%
Callum Wilson
19%
Carlton Palmer
19%
Chris Waddle
19%
Chris Woods
19%
Ernest Needham
19%
Evelyn Lintott
19%
Frank Broome
19%
Frank Swift
19%
Freddie Steele
19%
Fred Spiksley
19%
Gary Pallister
19%
Gerry Francis
19%
Howard Spencer
19%
Jack Wilshere
19%
Jimmy Windridge
19%
Jonathan Woodgate
19%
Kenny Sansom
19%
Kieran Richardson
19%
Kieran Trippier
19%
Lee Dixon
19%
Les Ferdinand
19%
Les Medley
19%
Mark Wright
19%
Matthew Upson
19%
Paul Madeley
19%
Paul Mariner
19%
Paul Merson
19%
Paul Parker
19%
Phil Jagielka
19%
Phil Jones
19%
Rickie Lambert
19%
Rob Lee
19%
Ted Taylor
19%
Tommy Taylor
19%
Trent Alexander-Arnold
19%
Alan Peacock
15%
Ben Foster
15%
Chris Smalling
15%
Colin Todd
15%
Derek Kevan
15%
Fabian Delph
15%
Fred Dewhurst
15%
Fred Kean
15%
Fred Tunstall
15%
Gary Mabbutt
15%
George Male
15%
Gil Merrick
15%
Glen Johnson
15%
Gordon Milne
15%
Harry Chambers
15%
Harry Cursham
15%
Henry Cockburn
15%
Herbie Arthur
15%
Kalvin Phillips
15%
Kerry Dixon
15%
Kevin Phillips
15%
Kieron Dyer
15%
Laurie Cunningham
15%
Laurie Scott
15%
Ledley King
15%
Lee Sharpe
15%
Lionel Smith
15%
Luke Shaw
15%
Mark Hateley
15%
Nick Barmby
15%
Nicky Butt
15%
Norman Bailey
15%
Paul Robinson
15%
Peter Reid
15%
Ray Westwood
15%
Ray Wilkins
15%
Ray Wilson
15%
Stewart Downing
15%
Tinsley Lindley
15%
Tommy Lawton
15%
Colin Veitch
11%
Darius Vassell
11%
Frank Worthington
11%
George Wall
11%
George Wilson
11%
Harold Fleming
11%
Harry Johnson
11%
Harry Johnston
11%
Harry Winks
11%
Herbert Jones
11%
Ivor Broadis
11%
Len Goulden
11%
Nick Pope
11%
Ollie Watkins
11%
Reece James
11%
Robert Green
11%
Rob Jones
11%
Rodney Marsh
11%
Roger Hunt
11%
Roy Goodall
11%
Roy McFarland
11%
Ted Ditchburn
11%
Terry Paine
11%
Theo Walcott
11%
Tim Williamson
11%
Tommy Wright
11%
Tony Daley
11%
Tony Dorigo
11%
Tony Woodcock
11%
Viv Anderson
11%
Kevin Beattie
7%
Kieran Gibbs
7%
Luke Young
7%
Matt Le Tissier
7%
Nat Lofthouse
7%
Neil Webb
7%
Nigel Martyn
7%
Owen Hargreaves
7%
Peter Withe
7%
Ray Kennedy
7%
Ray Parlour
7%
Ted Hufton
7%
Alex Oxlade-Chamberlain
4%
Dominic Calvert-Lewin
4%
James Ward-Prowse
4%
Keith Newton
4%
Louis Page
4%
Nathaniel Clyne
4%
Nevill Cobbold
4%
Nigel Clough
4%
Norman Hunter
4%
Peter Thompson
4%
Phil Thompson
4%
Shaun Wright-Phillips
4%
Vic Woodley
4%
Vivian Woodward
4%
Wayne Bridge
4%
Wes Brown
4%
Willis Edwards
4%
Graeme Le Saux
0%
Neil Franklin
0%
Percy Melmoth Walters
0%
Ruben Loftus-Cheek
0%
Warney Cresswell
0%
Wilf Copping
0%
Wilf Mannion
0%
William Oakley
0%
Willie Hall
0%
No matching quizzes found
Score Distribution
Percent of People with Each Score
Percentile by Number Answered
Your Score History
You have not taken this quiz since the last reset